[Event "HUN-chT2 Szechenyi 1415"]
[Site "Hungary"]
[Date "2015.03.22"]
[Round "10.11"]
[White "Janus, Tamas"]
[Black "Juhasz, Judit"]
[Result "0-1"]
[WhiteElo "1653"]
[BlackElo "1690"]
[PlyCount "84"]
[EventDate "2014.09.07"]
[EventType "team-tourn"]
[EventRounds "11"]
[EventCountry "HUN"]
[SourceTitle "EXT 2016"]
[Source "ChessBase"]
[SourceDate "2015.10.08"]
[SourceVersion "1"]
[SourceVersionDate "2015.10.08"]
[SourceQuality "1"]
[WhiteTeam "Papa"]
[BlackTeam "Tapolca"]
[WhiteTeamCountry "HUN"]
[BlackTeamCountry "HUN"]

1. e4 c5 2. Nf3 e6 3. d4 cxd4 4. Qxd4 Nc6 5. Qe3 Nf6 6. Bd3 d6 7. 0-0 Be7 8. b3 0-0 9. Bb2 a6 10. Nbd2 b5 11. c4 b4 12. a3 Bb7 13. Nd4 Nxd4 14. Bxd4 bxa3 15. Bb6 Qd7 16. Rxa3 Ng4 17. Qe2 Ne5 18. Raa1 Bf6 19. Rab1 Qc6 20. Be3 Rfd8 21. Nf3 Nxd3 22. Qxd3 Qxe4 23. Ne1 Qxd3 24. Nxd3 Be4 25. Rfd1 Rab8 26. f3 Bg6 27. b4 Rdc8 28. Rbc1 Bxd3 29. Rxd3 Be7 30. c5 d5 31. Ra3 Rc6 32. Rca1 Rxb4 33. Rxa6 Rxa6 34. Rxa6 Rb8 35. Rc6 e5 36. Rc7 Kf8 37. c6 d4 38. Bd2 Ke8 39. Rb7 Rxb7 40. cxb7 Bd6 41. Bb4 Bb8 42. Bd6 Bxd6 0-1